000 00952pam a2200277 a 4500
001 000004547
005 20200929151447.0
008 851118s1986 pr b s000 0 spa
010 _a 85029428
020 _a0847728269 (pbk.)
040 _aDO-SdBNP
_cDLC
_dDLC
043 _ae-gx---
050 0 0 _aB2528.G73
_bS33 1986
100 1 _aSchajowicz, Ludwig.
_913287
245 1 0 _aDe Winckelmann a Heidegger :
_bensayos sobre el encuentro griego-alemán /
_cLudwig Schajowicz.
250 _a1a ed.
260 _aRío Piedras, P.R. :
_bEditorial de la Universidad de Puerto Rico,
_c1986.
300 _a339 p. ;
_c23 cm.
504 _aIncludes bibliographical references.
650 0 _aPhilosophy, german
_xGreek influences.
_913288
650 0 _aArts, german.
_913289
910 _aCatalogación por copia / LC
082 0 0 _a193
_219
906 _a7
_bcbc
_corignew
_d1
_eocip
_f19
_gy-gencatlg
991 _bc-GenColl
_hB2528.G73
_iS33 1986
_tCopy 1
_wBOOKS
999 _c4355
_d4355